000
00290nam a2200121Ia 4500
008
230822s2007 xx 000 0 und d
020
_a
0-304-34952-6
041
_a
eng
100
_a
STOKES P.
245
_a
PICTURE FRAMING MODE EASY
260
_b
CASSELL AND COMPANY
_c
2007
300
_a
128
999
_c
857922
_d
857922